|
|
|
|
| LEADER |
00841nab a2200229 i 4500 |
| 001 |
publ32067 |
| 005 |
20250314112322.0 |
| 008 |
250314s1994 hu o 000 hun d |
| 022 |
|
|
|a 0001-6659
|
| 024 |
7 |
|
|a 1866012
|2 mtmt
|
| 040 |
|
|
|a SZTE Publicatio Repozitórium
|b hun
|
| 041 |
|
|
|a hun
|
| 100 |
1 |
|
|a Hódi Klára
|
| 245 |
1 |
0 |
|a Tabletták deformációjának tanulmányozása nyomási szilárdságvizsgálat alapján [Deformation of tablets according to breaking hardness]
|h [elektronikus dokumentum] /
|c Hódi Klára
|
| 260 |
|
|
|c 1994
|
| 300 |
|
|
|a 41-44
|
| 490 |
0 |
|
|a ACTA PHARMACEUTICA HUNGARICA
|v 64 No. 2
|
| 650 |
|
4 |
|a Általános orvostudomány
|
| 700 |
0 |
1 |
|a Révész Piroska
|e aut
|
| 700 |
0 |
1 |
|a Miseta Mária
|e aut
|
| 700 |
0 |
1 |
|a Selmeczi Béla
|e aut
|
| 856 |
4 |
0 |
|u http://publicatio.bibl.u-szeged.hu/32067/1/aok_klny_857_94.pdf
|z Dokumentum-elérés
|